Statistics for Verdi's operas

Click here to take the quiz!

General Stats

  • This quiz has been taken 776 times
  • The average score is 11 of 27

Answer Stats

HintAnswer% Correct
1871Aida
83%
1853La traviata
83%
1851Rigoletto
82%
1887Otello
72%
1842Nabucco
67%
1853Il Trovatore
66%
1893Falstaff
63%
1847Macbeth
60%
1867Don Carlos
47%
1862La forza del destino
43%
1859Un ballo in maschera
41%
1857Simon Boccanegra
33%
1844Ernani
32%
1849Luisa Miller
31%
1855I vespri siciliani
29%
1846Attila
28%
1843I Lombardi alla prima crociata
24%
1839Oberto, conte di San Bonifacio
23%
1850Stiffelio
23%
1845Giovanna d'Arco
22%
1844I due Foscari
21%
1847Jérusalem
19%
1840Un giorno di regno, ossia il finto Stanislao
19%
1845Alzira
17%
1848Il Corsaro
16%
1847I Masnadieri
16%
1849La battaglia di Legnano
10%

Score Distribution

Percentile by Number Answered

Percent of People with Each Score

Your Score History

You have not taken this quiz